000 01096nam a2200205Ia 4500
003 Ost
005 20260507075310.0
008 260507s9999||||xx |||||||||||||| ||und||
040 _cfsecg
041 _aara
082 _a330
100 _aعلي حسين، أحمد حسين
_eمؤلف
245 0 _aمحاسبة الزكاة /
_c أحمد حسين علي حسين
260 _aالاسكندرية:
_bالمكتب الجامعي الحديث,
_c2007
300 _a400 صفحة؛
_bإيضاحات ؛
_c24 سم
520 _aالتعريف بزكاة المال : مفهومها ، شروطها ، أهدافها و نطاقها مع تناول زكاة الثروة النقدية ، زكاة عروض التجارة ، زكاة الثروة الحيوانية (الانعام) ، زكاة الثروة الزراعية ( الزروع و الثمار) ، زكاة المستغلات ، زكاة الثروة المعدنية و البحرية ، زكاة كسب العمل .
653 _aالإقتصاد الإسلامي
653 _aالزكاة ــ محاسبة
942 _cكتاب
999 _c43849
_d43849